[Event "Nordisk Mesterskab Ungdom U15 2026"]
[Site "Fredericia"]
[Date "2026.02.13"]
[Round "1.1"]
[White "Lustig, Melvin Ral"]
[Black "Ravikumar, Hanesh"]
[Result "1-0"]
[WhiteElo "2200"]
[BlackElo "1966"]
[WhiteFideId "1764195"]
[BlackFideId "1481878"]
[EventDate "2026.02.13"]
[EventType "swiss"]
[EventRounds "6"]
[EventCountry "DEN"]
[SourceTitle "Live v. Fredericia Chess Club"]

1. Nf3 Nf6 2. c4 c5 3. Nc3 Nc6 4. e3 g6 5. d4 cxd4 6. exd4 d5 7. cxd5 Nxd5 8. Qb3 Nxc3 9. Bc4 e6 10. bxc3 Bg7 11. Ba3 Na5 12. Bb5+ Bd7 13. Qb4 Nc6 14. Qb2 Rc8 15. O-O a6 16. Bd3 b5 17. Bc5 Bf6 18. a4 Ne7 19. axb5 axb5 20. Nd2 Nd5 21. Ne4 Be7 22. Bxb5 O-O 23. Bxe7 Qxe7 24. Ra7 Rfd8 25. Nc5 Nf6 26. Bxd7 Nxd7 27. Qb7 Rb8 28. Qc7 Rbc8 29. Qb7 Rb8 30. Qc6 Ne5 31. Qa4 Qf8 32. Na6 Ra8 33. Rxa8 Rxa8 34. dxe5 Qc8 35. Ra1 Qxc3 36. Qa5 Qc4 37. g3 h5 38. h4 Qd3 39. Qb6 Qc3 40. Rd1 Qc4 41. Rd8+ Rxd8 42. Qxd8+ Kh7 43. Qd6 Qe2 44. Nc5 Qe1+ 45. Kg2 Qa1 46. Qc7 Kh6 47. Qxf7 Qxe5 48. Qf4+ Qxf4 49. gxf4 1-0

[Event "Nordisk Mesterskab Ungdom U15 2026"]
[Site "Fredericia"]
[Date "2026.02.13"]
[Round "1.2"]
[White "Martemyanov, Mikhail"]
[Black "Sandmann, Villads Majvang"]
[Result "0-1"]
[WhiteElo "1965"]
[BlackElo "2103"]
[WhiteFideId "34303774"]
[BlackFideId "1472313"]
[EventDate "2026.02.13"]
[EventType "swiss"]
[EventRounds "6"]
[EventCountry "DEN"]
[SourceTitle "Live v. Fredericia Chess Club"]

1. e4 c5 2. Nf3 d6 3. d4 cxd4 4. Nxd4 Nf6 5. Nc3 a6 6. Bg5 e6 7. Qe2 Nbd7 8. O-O-O Qc7 9. Kb1 Be7 10. g4 b5 11. a3 Rb8 12. f4 b4 13. axb4 Rxb4 14. Na2 Rb6 15. Bg2 Bb7 16. Rhe1 Nc5 17. e5 dxe5 18. fxe5 Nd5 19. Bd2 O-O 20. Bh1 Rb8 21. Qc4 Ba8 22. Bc1 Qb7 23. b3 Rc8 24. Nf5 Bf8 25. Qd4 Qc7 26. Re2 Rd8 27. Bb2 exf5 28. Red2 Ne4 29. Bxe4 fxe4 30. c4 e3 31. Rd3 e2 32. Re1 Nc3+ 33. Nxc3 Rxd4 34. Rxd4 Rxb3 35. Rxe2 Ba3 36. Nd5 Bxd5 37. cxd5 Rxb2+ 38. Rxb2 Bxb2 39. Kxb2 Qxe5 40. Kc3 Qd6 0-1

[Event "Nordisk Mesterskab Ungdom U15 2026"]
[Site "Fredericia"]
[Date "2026.02.13"]
[Round "1.3"]
[White "Bernhoftsen Banks, Alec"]
[Black "Gudnyjarson, Sigurdur Pall"]
[Result "1-0"]
[WhiteElo "2093"]
[BlackElo "1854"]
[WhiteFideId "1569708"]
[BlackFideId "2321637"]
[EventDate "2026.02.13"]
[EventType "swiss"]
[EventRounds "6"]
[EventCountry "DEN"]
[SourceTitle "Live v. Fredericia Chess Club"]

1. e4 c6 2. d4 d5 3. exd5 cxd5 4. Bd3 Nc6 5. c3 Nf6 6. Bf4 Bg4 7. Qb3 Qd7 8. Nd2 e6 9. Ngf3 Bd6 10. Bxd6 Qxd6 11. O-O O-O 12. Rfe1 Ne7 13. Ne5 Bf5 14. Ndf3 Rab8 15. a4 Rfc8 16. Qa3 Qc7 17. Nd2 Bxd3 18. Nxd3 Nf5 19. g3 h5 20. Kg2 Nd6 21. h4 Nfe4 22. Nxe4 Nxe4 23. Nf4 g6 24. Re2 Kg7 25. f3 Nf6 26. Rxe6 Qd7 27. Qe7 Qxe7 28. Rxe7 Re8 29. Rxe8 Rxe8 30. Kf2 Kh6 31. Nd3 Nd7 32. Nc5 Nxc5 33. dxc5 Kg7 34. Rd1 Re5 35. Re1 Kf6 36. Rxe5 Kxe5 37. Ke3 f6 38. b4 g5 39. b5 gxh4 40. gxh4 f5 41. f4+ Ke6 42. Kd4 b6 43. c6 Kd6 44. c7 Kxc7 45. Kxd5 Kd7 46. Ke5 1-0

[Event "Nordisk Mesterskab Ungdom U15 2026"]
[Site "Fredericia"]
[Date "2026.02.13"]
[Round "1.4"]
[White "Reunanen, Emil"]
[Black "Jacobsen, Samuel Bro"]
[Result "0-1"]
[WhiteElo "1766"]
[BlackElo "2067"]
[WhiteFideId "517437"]
[BlackFideId "1480740"]
[EventDate "2026.02.13"]
[EventType "swiss"]
[EventRounds "6"]
[EventCountry "DEN"]
[SourceTitle "Live v. Fredericia Chess Club"]

1. d4 Nf6 2. c4 e6 3. Nf3 d5 4. e3 Be7 5. Bd3 dxc4 6. Bxc4 a6 7. a4 O-O 8. O-O c5 9. Nc3 cxd4 10. exd4 Nc6 11. Re1 Qc7 12. Qe2 Rd8 13. Be3 Nd5 14. Bxd5 exd5 15. h3 h6 16. Rac1 Bf6 17. Red1 Qb6 18. Bf4 Be6 19. Qd2 Rac8 20. g4 Na5 21. Rb1 Nc4 22. Qe2 Qb3 23. Ne5 Bxe5 24. Bxe5 Nxb2 25. Qxb2 Qxc3 26. Qb3 h5 27. gxh5 Bf5 28. Rb2 Qxb3 29. Rxb3 Bc2 30. Rg3 Bxd1 31. Rxg7+ Kf8 32. h6 Ke7 33. Rg3 Bc2 34. Rf3 Be4 35. Re3 f6 36. Bf4 Rg8+ 37. Kf1 Rc1+ 38. Ke2 Rgc8 39. Rg3 R1c2+ 40. Ke1 Ke6 41. Rg7 Kf5 42. Be3 R2c7 43. Rg3 Ke6 44. Ke2 Rh8 45. h4 Rch7 46. f3 Bf5 47. Rg1 Rxh6 48. Bxh6 Rxh6 49. Rh1 b5 50. axb5 axb5 51. Kf2 b4 52. Re1+ Kd7 53. Kg3 b3 0-1

[Event "Nordisk Mesterskab Ungdom U15 2026"]
[Site "Fredericia"]
[Date "2026.02.13"]
[Round "1.5"]
[White "Omarsson, Josef"]
[Black "Jakobsen, Djoni F C"]
[Result "1-0"]
[WhiteElo "2053"]
[BlackElo "1680"]
[WhiteFideId "2316102"]
[BlackFideId "7205287"]
[EventDate "2026.02.13"]
[EventType "swiss"]
[EventRounds "6"]
[EventCountry "DEN"]
[SourceTitle "Live v. Fredericia Chess Club"]

1. d4 d5 2. c4 e6 3. Nc3 Nf6 4. Nf3 Be7 5. e3 O-O 6. Bd3 b6 7. O-O Bb7 8. cxd5 exd5 9. Ne5 Nbd7 10. f4 Ne4 11. Bd2 f5 12. Nxe4 fxe4 13. Bb5 Nxe5 14. fxe5 c5 15. Rxf8+ Qxf8 16. Qg4 Bc8 17. Bd7 Qd8 18. Qe6+ Kh8 19. Bxc8 Rxc8 20. Rf1 h6 21. g3 cxd4 22. exd4 Rc2 23. Bxh6 gxh6 24. Qxh6+ Kg8 25. Qg6+ Kh8 26. Rf7 Rc1+ 27. Kg2 Rc2+ 28. Kh3 Qc8+ 29. e6 1-0

[Event "Nordisk Mesterskab Ungdom U15 2026"]
[Site "Fredericia"]
[Date "2026.02.13"]
[Round "1.6"]
[White "Jamil, Oskar Jacobsen"]
[Black "Bergdahl, Daniel"]
[Result "0-1"]
[WhiteElo "1662"]
[BlackElo "2036"]
[WhiteFideId "7204191"]
[BlackFideId "1780921"]
[EventDate "2026.02.13"]
[EventType "swiss"]
[EventRounds "6"]
[EventCountry "DEN"]
[SourceTitle "Live v. Fredericia Chess Club"]

1. c4 Nf6 2. Nc3 e5 3. Nf3 Nc6 4. e3 Bb4 5. Qc2 O-O 6. Nd5 Bd6 7. a3 a5 8. Ng5 g6 9. Nxf6+ Qxf6 10. Ne4 Qe6 11. Nxd6 Qxd6 12. b3 b6 13. Be2 Bb7 14. Bf3 Rfe8 15. O-O e4 16. Be2 Ne5 17. Rd1 Nd3 18. Bb2 f6 19. Qc3 Kf7 20. Bxd3 exd3 21. Qd4 Qxd4 22. Bxd4 c5 23. Bb2 d5 24. Rdc1 Rad8 25. Rc3 d4 26. Rcc1 dxe3 27. fxe3 Re4 28. Rf1 f5 29. a4 Kg8 30. Rf2 Rde8 31. Raf1 Bc8 32. Bc3 g5 33. g3 h6 34. Kg2 Kh7 35. h3 Kg6 36. Bb2 h5 37. Bc3 h4 38. g4 fxg4 39. hxg4 Rxg4+ 40. Kh2 Bb7 41. Rf6+ Kh5 42. R1f2 Rg3 43. Rf7 Be4 44. Rg7 g4 45. Rf6 Rh3+ 0-1

[Event "Nordisk Mesterskab Ungdom U15 2026"]
[Site "Fredericia"]
[Date "2026.02.13"]
[Round "1.7"]
[White "Nieminen, Oliver"]
[Black "Christensen, Uno Kolby"]
[Result "1-0"]
[WhiteElo "1969"]
[BlackElo "1400"]
[WhiteFideId "518280"]
[EventDate "2026.02.13"]
[EventType "swiss"]
[EventRounds "6"]
[EventCountry "DEN"]
[SourceTitle "Live v. Fredericia Chess Club"]

1. e4 g6 2. d4 Bg7 3. c3 Nh6 4. Bd3 O-O 5. Nf3 e6 6. O-O d5 7. e5 Nc6 8. Bg5 Ne7 9. Qd2 Nhf5 10. g4 Bh6 11. Bxh6 Nxh6 12. Qxh6 c5 13. Ng5 Re8 14. Qxh7+ Kf8 15. Qxf7# 1-0

[Event "Nordisk Mesterskab Ungdom U15 2026"]
[Site "Fredericia"]
[Date "2026.02.13"]
[Round "2.1"]
[White "Jacobsen, Samuel Bro"]
[Black "Lustig, Melvin Ral"]
[Result "0-1"]
[WhiteElo "2067"]
[BlackElo "2200"]
[WhiteFideId "1480740"]
[BlackFideId "1764195"]
[EventDate "2026.02.13"]
[EventType "swiss"]
[EventRounds "6"]
[EventCountry "DEN"]
[SourceTitle "Live v. Fredericia Chess Club"]

1. e4 Nc6 2. Nf3 g6 3. d4 Bg7 4. d5 Nb8 5. c4 d6 6. Nc3 c6 7. Be3 Bg4 8. Qb3 Qc7 9. Be2 Nf6 10. h3 Bxf3 11. Bxf3 Nfd7 12. O-O O-O 13. Rac1 Nc5 14. Qc2 a5 15. dxc6 bxc6 16. Bxc5 dxc5 17. Be2 Rd8 18. Rcd1 Rxd1 19. Bxd1 Qd6 20. Be2 Na6 21. a3 Nc7 22. Qd3 Bd4 23. Kh1 Rb8 24. Qc2 Ne6 25. g3 Bg7 26. f4 Nd4 27. Qd2 Qd7 28. Bg4 Qb7 29. Rf2 Qa6 30. Qd3 h5 31. Be2 Rxb2 32. Kg2 Rb3 33. Bd1 Rxa3 34. Rb2 h4 35. gxh4 Ne6 36. Rf2 Rxc3 37. Qd7 Qxc4 38. Bf3 Nxf4+ 39. Kg3 Be5 0-1

[Event "Nordisk Mesterskab Ungdom U15 2026"]
[Site "Fredericia"]
[Date "2026.02.13"]
[Round "2.2"]
[White "Sandmann, Villads Majvang"]
[Black "Omarsson, Josef"]
[Result "1-0"]
[WhiteElo "2103"]
[BlackElo "2053"]
[WhiteFideId "1472313"]
[BlackFideId "2316102"]
[EventDate "2026.02.13"]
[EventType "swiss"]
[EventRounds "6"]
[EventCountry "DEN"]
[SourceTitle "Live v. Fredericia Chess Club"]

1. d4 Nf6 2. c4 g6 3. Nc3 Bg7 4. e4 d6 5. Be2 O-O 6. Nf3 e5 7. O-O exd4 8. Nxd4 Re8 9. f3 c6 10. Bf4 Nh5 11. Be3 f5 12. Qd2 f4 13. Bf2 Nd7 14. Rfd1 Ne5 15. Rac1 Nf7 16. Bf1 Be5 17. b4 Qf6 18. b5 g5 19. bxc6 bxc6 20. Nxc6 Be6 21. Nd5 Bxd5 22. cxd5 Qg7 23. Rb1 g4 24. fxg4 Nf6 25. Bd3 Qxg4 26. Nd4 Bxd4 27. Bxd4 Nxe4 28. Bxe4 Rxe4 29. Re1 Ng5 30. Kh1 Ree8 31. Ba1 Nf7 32. Rxe8+ Rxe8 33. Re1 Rb8 34. h3 Qf5 35. Qf2 Rb1 36. Qe2 Rxe1+ 37. Qxe1 Kf8 38. Qd1 Ng5 39. Qb3 Qc8 40. Qb2 Qf5 41. Qg7+ Ke8 42. Bf6 Qb1+ 43. Kh2 Nf3+ 44. gxf3 Qxa2+ 45. Kh1 Qb1+ 46. Qg1 Qxg1+ 47. Kxg1 a5 48. Bg5 a4 49. Bxf4 Ke7 50. Be3 1-0

[Event "Nordisk Mesterskab Ungdom U15 2026"]
[Site "Fredericia"]
[Date "2026.02.13"]
[Round "2.3"]
[White "Bergdahl, Daniel"]
[Black "Bernhoftsen Banks, Alec"]
[Result "1/2-1/2"]
[WhiteElo "2036"]
[BlackElo "2093"]
[WhiteFideId "1780921"]
[BlackFideId "1569708"]
[EventDate "2026.02.13"]
[EventType "swiss"]
[EventRounds "6"]
[EventCountry "DEN"]
[SourceTitle "Live v. Fredericia Chess Club"]

1. e4 e6 2. d4 d5 3. Nc3 Nf6 4. e5 Nfd7 5. f4 c5 6. Nf3 Nc6 7. Be3 a6 8. Qd2 b5 9. Be2 Qb6 10. O-O cxd4 11. Nxd4 Bc5 12. Rad1 Bb7 13. Bf3 O-O 14. Nce2 b4 15. c3 a5 16. Nc2 Ba6 17. Rfe1 Rac8 18. Ned4 Bxd4 19. Nxd4 Nxd4 20. Bxd4 bxc3 21. bxc3 Qc7 22. Kh1 Bc4 23. g4 Rce8 24. Qg2 f6 25. exf6 Nxf6 26. g5 Ne4 27. Be5 Qa7 28. Bxe4 dxe4 29. Qg1 Qxg1+ 30. Kxg1 Bxa2 31. Ra1 Bd5 32. Rxa5 Ra8 33. Rea1 Rxa5 34. Rxa5 Ra8 35. Rxa8+ Bxa8 36. Kf2 Kf7 37. Ke3 g6 38. c4 Ke7 39. Bc3 Kd6 40. Bb4+ Kd7 41. Kd4 Bb7 42. Ke5 e3 43. Kf6 Ba6 44. c5 e2 45. Kg7 Kc6 46. Kxh7 Bd3 47. Kg7 Kb5 48. Be1 1/2-1/2

[Event "Nordisk Mesterskab Ungdom U15 2026"]
[Site "Fredericia"]
[Date "2026.02.13"]
[Round "2.4"]
[White "Ravikumar, Hanesh"]
[Black "Nieminen, Oliver"]
[Result "0-1"]
[WhiteElo "1966"]
[BlackElo "1969"]
[WhiteFideId "1481878"]
[BlackFideId "518280"]
[EventDate "2026.02.13"]
[EventType "swiss"]
[EventRounds "6"]
[EventCountry "DEN"]
[SourceTitle "Live v. Fredericia Chess Club"]

1. c4 e5 2. g3 Nf6 3. Bg2 c6 4. d4 e4 5. d5 Bb4+ 6. Bd2 Qe7 7. Nc3 O-O 8. Nh3 cxd5 9. Nxd5 Nxd5 10. cxd5 h6 11. O-O Bxd2 12. Qxd2 d6 13. Rac1 Na6 14. Rc4 Bxh3 15. Bxh3 Rae8 16. Qc3 Qg5 17. Bg2 f5 18. b4 Qf6 19. Qxf6 Rxf6 20. e3 Rf7 21. a3 Nc7 22. Rd1 Na8 23. Bf1 Nb6 24. Rc2 Ree7 25. Bc4 g5 26. Bb3 Kg7 27. Rdc1 Re8 28. a4 Nd7 29. Bc4 Rc8 30. Bb3 Rxc2 31. Rxc2 Ne5 32. Rc8 Rf8 33. Rc7+ Rf7 34. Rc8 b6 35. Bc2 Rf8 36. Rc7+ Rf7 37. Rc8 Rd7 38. Kg2 Nf3 39. h3 Ne1+ 40. Kg1 Nxc2 41. Rxc2 Kf6 42. Rc8 Ke5 43. Rh8 Kxd5 44. Rxh6 Kc4 45. Rg6 Kxb4 46. Rxg5 Kxa4 47. Rxf5 d5 48. Kf1 b5 49. Ke1 b4 50. Kd1 0-1

[Event "Nordisk Mesterskab Ungdom U15 2026"]
[Site "Fredericia"]
[Date "2026.02.13"]
[Round "2.5"]
[White "Jakobsen, Djoni F C"]
[Black "Martemyanov, Mikhail"]
[Result "0-1"]
[WhiteElo "1680"]
[BlackElo "1965"]
[WhiteFideId "7205287"]
[BlackFideId "34303774"]
[EventDate "2026.02.13"]
[EventType "swiss"]
[EventRounds "6"]
[EventCountry "DEN"]
[SourceTitle "Live v. Fredericia Chess Club"]

1. e4 c5 2. Nf3 e6 3. d4 cxd4 4. Nxd4 a6 5. Bd3 g6 6. Nc3 Bg7 7. Nb3 Nc6 8. O-O Nge7 9. Bg5 h6 10. Bxe7 Qxe7 11. a3 O-O 12. f4 d6 13. Re1 b5 14. Qd2 Bb7 15. f5 Ne5 16. Na5 Bc8 17. Rad1 Ng4 18. h3 Qa7+ 19. Kf1 Ne5 0-1

[Event "Nordisk Mesterskab Ungdom U15 2026"]
[Site "Fredericia"]
[Date "2026.02.13"]
[Round "2.6"]
[White "Gudnyjarson, Sigurdur Pall"]
[Black "Jamil, Oskar Jacobsen"]
[Result "0-1"]
[WhiteElo "1854"]
[BlackElo "1662"]
[WhiteFideId "2321637"]
[BlackFideId "7204191"]
[EventDate "2026.02.13"]
[EventType "swiss"]
[EventRounds "6"]
[EventCountry "DEN"]
[SourceTitle "Live v. Fredericia Chess Club"]

1. d4 d5 2. c4 e6 3. Nf3 a6 4. Nbd2 dxc4 5. Nxc4 b5 6. Nce5 Bb7 7. a4 c6 8. Bf4 Nd7 9. g3 Ngf6 10. Bg2 Be7 11. O-O O-O 12. Rc1 c5 13. Qc2 Rc8 14. axb5 axb5 15. Qb3 Bd5 16. Qd1 c4 17. Nxd7 Qxd7 18. Ne5 Qb7 19. f3 Nd7 20. e4 Nxe5 21. Bxe5 Bc6 22. b3 Ba3 23. Rc2 cxb3 24. Rd2 b4 25. Qxb3 Bb5 26. Rb1 Rc3 27. Qd1 Rfc8 28. Kf2 Bc1 29. Rxc1 Rxc1 30. Qb3 Ba6 31. Bh3 R8c3 32. Qa4 Qb5 33. Qxb5 Bxb5 34. d5 R3c2 35. Rxc2 Rxc2+ 36. Ke3 b3 37. dxe6 b2 0-1

[Event "Nordisk Mesterskab Ungdom U15 2026"]
[Site "Fredericia"]
[Date "2026.02.13"]
[Round "2.7"]
[White "Christensen, Uno Kolby"]
[Black "Reunanen, Emil"]
[Result "0-1"]
[WhiteElo "1400"]
[BlackElo "1766"]
[BlackFideId "517437"]
[EventDate "2026.02.13"]
[EventType "swiss"]
[EventRounds "6"]
[EventCountry "DEN"]
[SourceTitle "Live v. Fredericia Chess Club"]

1. e4 e5 2. d4 exd4 3. c3 d5 4. Bd3 dxe4 5. Qe2 dxc3 6. Nxc3 Qxd3 7. Qxd3 exd3 8. Nf3 Bb4 9. O-O Bxc3 10. bxc3 Be6 11. Bf4 Nd7 12. Bxc7 Rc8 13. Be5 Nxe5 14. Nxe5 Rxc3 15. Rad1 Nf6 16. Nxd3 O-O 17. a4 Bc4 18. Rfe1 Rxd3 19. Rc1 Re8 20. Rxe8+ Nxe8 21. h3 b5 22. axb5 Bxb5 23. Rc5 Rb3 24. Kh2 a5 25. Re5 a4 26. Re2 Bxe2 0-1

[Event "Nordisk Mesterskab Ungdom U15 2026"]
[Site "Fredericia"]
[Date "2026.02.14"]
[Round "3.1"]
[White "Nieminen, Oliver"]
[Black "Sandmann, Villads Majvang"]
[Result "0-1"]
[WhiteElo "1969"]
[BlackElo "2103"]
[WhiteFideId "518280"]
[BlackFideId "1472313"]
[EventDate "2026.02.13"]
[EventType "swiss"]
[EventRounds "6"]
[EventCountry "DEN"]
[SourceTitle "Live v. Fredericia Chess Club"]

1. e4 c5 2. Nf3 d6 3. d4 cxd4 4. Nxd4 Nf6 5. Nc3 a6 6. h3 e5 7. Nb3 Be7 8. Be2 Be6 9. Bg5 Nbd7 10. O-O O-O 11. Bf3 Qc7 12. Qd2 Rac8 13. Rfd1 Rfd8 14. Bxf6 Nxf6 15. Rac1 h6 16. Qe1 Bf8 17. Qe3 g6 18. g4 Kg7 19. Bg2 Be7 20. Qg3 Rd7 21. Nd5 Bxd5 22. exd5 Nh7 23. c4 Bg5 24. Rc2 b6 25. Qd3 Nf6 26. Nd2 h5 27. Ne4 Nxe4 28. Qxe4 hxg4 29. Qxg4 Qd8 30. Qe2 Rdc7 31. b4 a5 32. a3 axb4 33. axb4 Bh6 34. Ra1 Qh4 35. Bf1 Qd4 36. Ra3 e4 37. Rg3 Qe5 38. Qg4 b5 39. c5 dxc5 40. bxc5 Rxc5 41. Qxc8 Rxc8 42. Rxc8 e3 43. Be2 Bf4 44. Rf3 g5 45. fxe3 Bxe3+ 46. Kg2 Qxd5 47. Rc7 Bf4 48. Rc2 b4 49. Bc4 Qd1 50. Rff2 Qd4 51. Rfe2 Be5 52. Rf2 Qe4+ 53. Kf1 Qh1+ 54. Ke2 f6 55. Bd3 b3 56. Rc4 b2 57. Rb4 Bg3 58. Rf1 Qg2+ 59. Ke3 Bf4+ 60. Kd4 Be5+ 61. Kc5 Qxh3 62. Rb7+ Kf8 63. Bc4 Qe3+ 64. Kb5 Qe4 65. Rf7+ Ke8 66. Ba2 Qd3+ 67. Bc4 b1=Q+ 0-1

[Event "Nordisk Mesterskab Ungdom U15 2026"]
[Site "Fredericia"]
[Date "2026.02.14"]
[Round "3.2"]
[White "Lustig, Melvin Ral"]
[Black "Bergdahl, Daniel"]
[Result "1-0"]
[WhiteElo "2200"]
[BlackElo "2036"]
[WhiteFideId "1764195"]
[BlackFideId "1780921"]
[EventDate "2026.02.13"]
[EventType "swiss"]
[EventRounds "6"]
[EventCountry "DEN"]
[SourceTitle "Live v. Fredericia Chess Club"]

1. e4 c6 2. Nc3 d5 3. d4 dxe4 4. Nxe4 Nf6 5. Nxf6+ exf6 6. Be3 Bd6 7. Bd3 Be6 8. Ne2 Qc7 9. Qd2 O-O 10. c4 Rd8 11. c5 Bf8 12. Nf4 Bd5 13. Nxd5 Rxd5 14. O-O g6 15. Bc4 Rd8 16. Qe2 Bg7 17. Rad1 Re8 18. Qf3 f5 19. Bf4 Qd8 20. Qb3 Qd7 21. d5 cxd5 22. Rxd5 Qc8 23. Rdd1 Re4 24. Bxf7+ Kh8 25. Bd5 Re7 26. Bd6 1-0

[Event "Nordisk Mesterskab Ungdom U15 2026"]
[Site "Fredericia"]
[Date "2026.02.14"]
[Round "3.3"]
[White "Bernhoftsen Banks, Alec"]
[Black "Jacobsen, Samuel Bro"]
[Result "0-1"]
[WhiteElo "2093"]
[BlackElo "2067"]
[WhiteFideId "1569708"]
[BlackFideId "1480740"]
[EventDate "2026.02.13"]
[EventType "swiss"]
[EventRounds "6"]
[EventCountry "DEN"]
[SourceTitle "Live v. Fredericia Chess Club"]

1. e4 e5 2. Nf3 Nc6 3. Bb5 a6 4. Ba4 Nf6 5. O-O Be7 6. Re1 b5 7. Bb3 d6 8. c3 O-O 9. d3 Bg4 10. Nbd2 Re8 11. Nf1 h6 12. Ng3 Bf8 13. h3 Be6 14. Bxe6 Rxe6 15. b3 d5 16. Bb2 dxe4 17. dxe4 g6 18. Qc2 Bc5 19. Rad1 Qe7 20. Bc1 Kg7 21. h4 Ng4 22. Be3 Bxe3 23. fxe3 Qc5 24. Qe2 h5 25. c4 Ne7 26. Rc1 b4 27. Nf1 Ng8 28. Rcd1 N8f6 29. Ng5 Rd6 30. Rxd6 Qxd6 31. Rd1 Qc5 32. Qf3 Rf8 33. Rd3 a5 34. Nh2 Nxh2 35. Kxh2 a4 36. Kg3 axb3 37. axb3 Qc6 38. Rd2 Ra8 39. Rd1 Ra3 40. Rb1 Ra2 41. Kh2 Rd2 42. Kh1 Rd3 43. Qe2 Qd7 44. Nf3 Ng4 45. Qb2 Rd1+ 46. Rxd1 Qxd1+ 47. Ng1 Qe1 48. Qe2 Qxh4+ 49. Nh3 Qg3 50. Kg1 Qxe3+ 51. Qxe3 Nxe3 52. Nf2 Nc2 53. Nd3 f6 54. Kf2 Kf7 55. Ke2 Nd4+ 56. Ke3 Nxb3 57. Nxb4 Nd4 58. Nd5 c6 59. Nb6 g5 60. Nd7 h4 61. Nc5 Ne6 62. Nb7 Ke7 63. c5 Nf4 64. Kf3 h3 65. gxh3 Nxh3 66. Nd6 Nf4 67. Ke3 Ne6 68. Nb7 Kd7 69. Kf3 Kc7 70. Nd6 Kd7 71. Nb7 Ke7 72. Kg4 Kf7 73. Kf5 Nd4+ 74. Kg4 Kg6 75. Nd6 Nb3 76. Nb7 Nd2 77. Nd6 Nxe4 78. Nb7 f5+ 79. Kf3 g4+ 80. Ke3 Kf6 81. Nd8 Nxc5 82. Nxc6 f4+ 83. Ke2 e4 84. Nb4 f3+ 85. Ke3 g3 86. Nd5+ Ke5 87. Nf4 Nd3 88. Ng6+ Kf6 89. Nf4 Nxf4 90. Kd4 0-1

[Event "Nordisk Mesterskab Ungdom U15 2026"]
[Site "Fredericia"]
[Date "2026.02.14"]
[Round "3.4"]
[White "Omarsson, Josef"]
[Black "Reunanen, Emil"]
[Result "1-0"]
[WhiteElo "2053"]
[BlackElo "1766"]
[WhiteFideId "2316102"]
[BlackFideId "517437"]
[EventDate "2026.02.13"]
[EventType "swiss"]
[EventRounds "6"]
[EventCountry "DEN"]
[SourceTitle "Live v. Fredericia Chess Club"]

1. d4 d5 2. c4 c6 3. e3 Nf6 4. Nc3 e6 5. Nf3 Nbd7 6. Bd3 Bd6 7. O-O O-O 8. e4 dxe4 9. Nxe4 Nxe4 10. Bxe4 f5 11. Bc2 Nf6 12. Re1 h6 13. Ne5 Nd7 14. Bf4 Nxe5 15. Bxe5 Bxe5 16. dxe5 b6 17. Qe2 Qe7 18. Red1 Bb7 19. Rd6 Rfd8 20. c5 bxc5 21. Rad1 Rxd6 22. exd6 Qf6 23. Bb3 Kf7 24. d7 Rd8 25. Rd6 Kf8 26. Rxe6 Qf7 27. Qe5 c4 28. Bxc4 Qxd7 29. Qxf5+ Qf7 30. Re8+ 1-0

[Event "Nordisk Mesterskab Ungdom U15 2026"]
[Site "Fredericia"]
[Date "2026.02.14"]
[Round "3.5"]
[White "Martemyanov, Mikhail"]
[Black "Jamil, Oskar Jacobsen"]
[Result "0-1"]
[WhiteElo "1965"]
[BlackElo "1662"]
[WhiteFideId "34303774"]
[BlackFideId "7204191"]
[EventDate "2026.02.13"]
[EventType "swiss"]
[EventRounds "6"]
[EventCountry "DEN"]
[SourceTitle "Live v. Fredericia Chess Club"]

1. e4 c5 2. Nf3 Nc6 3. Nc3 Nf6 4. Bb5 e6 5. O-O Qc7 6. Re1 Be7 7. h3 O-O 8. e5 Nd5 9. Nxd5 exd5 10. d4 cxd4 11. Nxd4 Bc5 12. Nb3 Bxf2+ 13. Kxf2 Qb6+ 14. Be3 Qxb5 15. Bc5 Re8 16. Qxd5 Nb4 17. Qd2 Nc6 18. Qf4 Ne7 19. Bxe7 Rxe7 20. Re3 d5 21. exd6 Rxe3 22. Qxe3 Bd7 23. Rd1 Re8 24. Qd3 Qe5 25. Kg1 Bb5 26. c4 Bd7 27. Qd4 Qe2 28. Nc5 Bc6 29. Rd2 Qe1+ 30. Kh2 b6 31. Nb3 Re4 32. Qd3 Re3 33. d7 Rxd3 34. Rxd3 Bxd7 35. Rxd7 g6 36. Rxa7 Qe5+ 37. Kg1 Qxb2 38. Ra6 Qe5 39. Kh1 Qc7 40. Ra4 Kg7 41. c5 bxc5 42. Rc4 Qa7 43. a4 Qa6 44. Rxc5 Qxa4 45. Nd2 Qd1+ 0-1

[Event "Nordisk Mesterskab Ungdom U15 2026"]
[Site "Fredericia"]
[Date "2026.02.14"]
[Round "3.6"]
[White "Jakobsen, Djoni F C"]
[Black "Ravikumar, Hanesh"]
[Result "0-1"]
[WhiteElo "1680"]
[BlackElo "1966"]
[WhiteFideId "7205287"]
[BlackFideId "1481878"]
[EventDate "2026.02.13"]
[EventType "swiss"]
[EventRounds "6"]
[EventCountry "DEN"]
[SourceTitle "Live v. Fredericia Chess Club"]

1. e4 c6 2. d4 d5 3. exd5 cxd5 4. Bd3 Nc6 5. c3 Nf6 6. Bf4 Bg4 7. Qb3 Qd7 8. Nd2 e6 9. Ngf3 Bd6 10. Bxd6 Qxd6 11. O-O Rb8 12. a4 O-O 13. Rae1 a6 14. Ne5 Bh5 15. f4 Na5 16. Qc2 b5 17. axb5 axb5 18. b4 Nc4 19. Nb3 Ra8 20. Bxc4 bxc4 21. Nc5 Bg6 22. Nxg6 hxg6 23. g3 Qc6 24. Rf2 Ra7 25. Rfe2 Rfa8 26. Qb2 Qb5 27. Kg2 Qb6 28. Rb1 Qb5 29. Rbe1 Ne8 30. Rc2 Nc7 31. Ree2 Qc6 32. Qc1 Nb5 33. Qe3 Ra1 34. Rc1 Rxc1 35. Qxc1 Ra3 36. Rc2 Qa8 37. Qd2 Ra1 38. h3 Qa3 39. Nb7 Qb3 40. Nc5 Qb1 41. Kf3 Qf1+ 42. Kg4 g5 43. Nd7 f5+ 44. Kxg5 Qxh3 45. Nf6+ gxf6+ 0-1